První pomoc pro každého /
Uloženo v:
| Hlavní autor: | |
|---|---|
| Další autoři: | |
| Médium: | Kniha |
| Jazyk: | Czech |
| Vydáno: |
Praha :
Grada,
2007
|
| Vydání: | Vyd. 1. |
| Edice: | Zdraví & životní styl
|
| Témata: | |
| Celkem bylo vypůjčeno: | 7x |
| Tagy: |
Žádné tagy |
| LEADER | 00993nam a2200265 a 4500 | ||
|---|---|---|---|
| 001 | 66732 | ||
| 005 | 20250128114826.0 | ||
| 008 | 070926s2007----xr ---------u-------cze-d | ||
| 015 | |a cnb001729092 | ||
| 020 | |a 978-80-247-2144-6 : |c 139.00 Kč | ||
| 040 | |a UOG502 |e AACR2 |9 1 |b cze | ||
| 080 | |a 616-083.98 | ||
| 100 | 1 | |a Stelzer, Jiří |7 mzk2007411216 |4 aut |9 48773 | |
| 245 | 1 | 0 | |a První pomoc pro každého / |c Jiří Stelzer, Lenka Chytilová |
| 250 | |a Vyd. 1. | ||
| 260 | |a Praha : |b Grada, |c 2007 | ||
| 300 | |a 115 s. : |b il. ; |c 21 cm | ||
| 490 | 1 | |a Zdraví & životní styl | |
| 653 | |a lékařství |a první pomoc |a resuscitace |a úrazy | ||
| 700 | 1 | |a Chytilová, Lenka, |d 1952- |7 jk01050493 |4 aut |9 17673 | |
| 830 | 0 | |a Zdraví & životní styl | |
| 910 | |a UOG502 | ||
| 999 | |c 66732 |d 66732 | ||
| 942 | 0 | 0 | |0 3 |
| 993 | |0 0 |1 421180067190 |4 0 |6 61_000000000000000 |7 0 |9 48470 |a 104.25 |b 0 |c 67190 |d 2007-09-26 |e 7 |f DOSP |g 61 |h 139.00 |i Euromedia Group Praha |j 127 |l DOSP |r 2023-01-03 |s 2022-11-23 |t 5 |w 2017-09-19 |y KN |z NAUCNA |v B | ||